00574nam a2200193Ia 450000500170000000800410001704000190005804100120007708200150008910000240010424500730012826000470020130000120024844000200026050400410028065000360032170000130035785000100037020221219095837.0131103s9999 xx 000 0 und d aLoreto College aEnglish a813.3bHAW aHawthorne,Nathaniel 4aThe Scarlet lettercNathaniel Hawthorne; with a foreword by Leo Mark aNew YorkbThe New American Librarycc 1959 a254 p.  aSignet Classics aIncludes bibliographical references  aAmerican Fiction - 19th Century aMarx,Leo aLCLIB